Catalog

Record Details

Catalog Search



The Fifth Avenue story society : a novel  Cover Image Book Book

The Fifth Avenue story society : a novel / Rachel Hauck.

Summary:

Executive assistant Lexa is eager for a much-deserved promotion, but her boss is determined to keep her underemployed. Literature professor Jett is dealing with a broken heart, as well as a nagging suspicion his literary idol, Gordon Phipps Roth, might be a fraud. Uber driver Chuck just wants a second chance with his kids. Aging widower Ed is eager to write the true story of his incredible marriage. Coral, queen of the cosmetics industry, has broken her engagement and is on the verge of losing her great grandmother’s multimillion-dollar empire. When all five New Yorkers receive an anonymous, mysterious invitation to the Fifth Avenue Story Society, they suspect they’re victims of a practical joke. No one knows who sent the invitations or why. No one has heard of the literary society. And no one is prepared to bare their deepest secrets to a roomful of strangers. Yet curiosity and loneliness bring them back week after week to the old library. And it’s there they discover the stories of their hearts, and the kind of friendship and love that heals their souls.

Record details

  • ISBN: 9780310350927
  • ISBN: 0310350921
  • ISBN: 9780785216674
  • ISBN: 0785216677
  • Physical Description: 384 pages ; 23 cm
Subject: Storytelling > Fiction.
Friendship > Fiction.
Literature > Societies, etc. > Fiction.
New York (N.Y.) > Fiction.
Genre: Christian fiction.
Domestic fiction.
Religious fiction.
Romance fiction.

Available copies

  • 1 of 1 copy available at scottsboropl.

Holds

  • 0 current holds with 1 total copy.
Show All Copies
Location Call Number / Copy Notes Barcode Shelving Location Status Due Date
scottsboropl F Hau 32269001155657 Adult - Fiction Available -

LDR 01252nam a2200349 i 4500
001154405
003SBPL
00520200803073110.0
008190826s2020 tnu 000 1 eng
010 . ‡a 2019035583
020 . ‡a9780310350927 ‡q(softcover)
020 . ‡a0310350921 ‡q(softcover)
020 . ‡a9780785216674 ‡q(hardcover)
020 . ‡a0785216677 ‡q(hardcover)
035 . ‡a(CONS)154405
035 . ‡a(OCoLC)1111782686 ‡z(OCoLC)1135299187 ‡z(OCoLC)1136093562 ‡z(OCoLC)1142716292 ‡z(OCoLC)1174010435 ‡z(OCoLC)1224596467 ‡z(OCoLC)1504787784 ‡z(OCoLC)1545354974 ‡z(OCoLC)1564206599 ‡z(OCoLC)1572775035 ‡z(OCoLC)1584449124
05000. ‡aPS3608.A866 ‡bF54 2020
08200. ‡a813/.6 ‡223
1001 . ‡aHauck, Rachel, ‡d1960-: ‡eauthor.
24514. ‡aThe Fifth Avenue story society : ‡ba novel / ‡cRachel Hauck.
300 . ‡a384 pages ; ‡c23 cm
336 . ‡atext ‡btxt ‡2rdacontent
337 . ‡aunmediated ‡bn ‡2rdamedia
338 . ‡avolume ‡bnc ‡2rdacarrier
520 . ‡aExecutive assistant Lexa is eager for a much-deserved promotion, but her boss is determined to keep her underemployed. Literature professor Jett is dealing with a broken heart, as well as a nagging suspicion his literary idol, Gordon Phipps Roth, might be a fraud. Uber driver Chuck just wants a second chance with his kids. Aging widower Ed is eager to write the true story of his incredible marriage. Coral, queen of the cosmetics industry, has broken her engagement and is on the verge of losing her great grandmother’s multimillion-dollar empire. When all five New Yorkers receive an anonymous, mysterious invitation to the Fifth Avenue Story Society, they suspect they’re victims of a practical joke. No one knows who sent the invitations or why. No one has heard of the literary society. And no one is prepared to bare their deepest secrets to a roomful of strangers. Yet curiosity and loneliness bring them back week after week to the old library. And it’s there they discover the stories of their hearts, and the kind of friendship and love that heals their souls.
650 0. ‡aStorytelling ‡vFiction.
650 0. ‡aFriendship ‡vFiction.
650 0. ‡aLiterature ‡xSocieties, etc. ‡vFiction.
651 0. ‡aNew York (N.Y.) ‡vFiction.
655 7. ‡aChristian fiction. ‡2lcgft
655 7. ‡aDomestic fiction. ‡2lcgft
655 7. ‡aReligious fiction. ‡2lcgft
655 7. ‡aRomance fiction. ‡2lcgft
901 . ‡a154405 ‡bUnknown ‡c154405 ‡tbiblio

Additional Resources